00572nam a22001457a 4500008004100000022002300041022002300064050002100087245007100108260009000179300003200269440008900301650002300390650001300413190121b xxu||||| |||| 00| 0 eng d a0035-9203 (Print). a1878-3503 (Online) aRC 960 .T73 2018 aTransactions of the Royal Society of tropical medicine and hygiene aLondon : bRoyal Society of Tropical Medicine and Hygiene Amsterdam, Elsevier,c2017. a531-583p. :bill. ;c28 cm. aTransactions of the Royal Society of tropical medicine and hygienevVol. 111, No. 12 aTropical medicine. aHygiene.